| 000 | 01261nam a22003137a 4500 | ||
|---|---|---|---|
| 001 | BRCA_9251 | ||
| 003 | FranzMayer | ||
| 005 | 20230717135705.0 | ||
| 008 | 230712b |||||||| |||| 00| 0 eng d | ||
| 020 | _a9780197682296 | ||
| 040 |
_aMFM _besp _cMFM |
||
| 041 | _aesp | ||
| 050 | 0 |
_aF1231 _bR63 2023 |
|
| 100 | 1 |
_aRodríguez Alegría, Enrique _928675 |
|
| 110 | 1 |
_aOxford _928676 |
|
| 240 | 1 |
_aHow to Make a New Spain _hThe Material Worlds of Colonial Mexico City |
|
| 245 | 0 |
_aHow to Make a New Spain _bThe Material Worlds of Colonial Mexico City |
|
| 260 |
_aNew York, United States of America _bOxford _c2023 |
||
| 300 |
_a323 p _bilustraciones _c25 cm |
||
| 500 | _aL60/N5 | ||
| 504 | _aBibliografía aparece bajo el nombre de índice y se encuentra con materiales como descripción de las imágenes y tablas de resumen | ||
| 505 | 0 | _aDestinado a: historiadores, investigadoresIncluye índice (temático)Bibliografía: 285-307 | |
| 600 | 1 |
_aRodríguez Alegría, Enrique _928677 |
|
| 650 | 1 |
_2Historia de México _aNueva España _928835 |
|
| 651 | 2 |
_2Latinoamérica-México-Ciudad de México _aNueva España _y1535-1821 _928678 |
|
| 700 | 1 |
_aRodríguez Alegría, Enrique _928675 |
|
| 710 | 1 |
_aOxford University Press _928679 |
|
| 942 |
_2lcc _cB |
||
| 999 |
_c10870 _d10870 |
||